Nonlinear dynamical systems and Carleman linearization

Αποθηκεύτηκε σε:
Λεπτομέρειες βιβλιογραφικής εγγραφής
Κύριος συγγραφέας: Kowalski, Krzysztof
Άλλοι συγγραφείς: Steeb, W-H
Μορφή: Βιβλίο
Γλώσσα:English
Δημοσίευση: Singapore : Teaneck, NJ : World Scientif, c1991
Θέματα:
Ετικέτες: Προσθήκη ετικέτας
Δεν υπάρχουν, Καταχωρήστε ετικέτα πρώτοι!

MARC

LEADER 00000cam a2200000 i 4500
001 1/32660
008 941103s1991 eng d
020 |a 9810205872 
035 |l 10039157 
035 |a 1991  |c ΣΕΙΜΕΝΗΣ 
040 |a GR-MY-UA  |b gre  |e aacr 
041 0 |a eng 
082 0 |a 515.355  |2 (20) 
100 1 |a Kowalski, Krzysztof. 
245 1 0 |a Nonlinear dynamical systems and Carleman linearization /  |c by Krzysztof Kowalski and Willi-Hans Steeb 
246 3 3 |a Carleman linearization 
260 |a Singapore :   |a Teaneck, NJ :   |b World Scientif,   |c c1991 
300 |a 184 p.;  |c 23 cm. 
504 |a Includes bibliographical references and index 
650 0 0 |a Differential equations, Nonlinear. 
650 0 0 |a Differentiable dynamical systems. 
650 0 0 |a Hilbert space. 
700 1 |a Steeb, W-H. 
852 |a INST  |b SAMOS  |e 19941103  |h 515.355 KOW  |p 005300002992  |q 005300002992  |t BK  |y 0 
909 |a Σ  |b 021700